000 00548nam a2200193Ia 4500
005 20260120131444.0
008 008 260114s9999 xx 000 0 eng d
020 _a9780191868030
037 _aEBOOK
040 _aCRL
_beng
_cCRL
041 _aeng
_2eng
084 _qCRL
100 _aStewart
_9927208
245 0 _aHegels Interpretation of the Religions of the World
260 _bOxford University PressOxford University Press
_c2018
856 _uhttps://academic.oup.com/book/1617
942 _cEBOOK
999 _c1519124
_d1519124